Name that Serial Killer - Statistics

General Stats
  • This quiz has been taken 279 times
  • The average score is 6 of 20
Answer Stats
Description Profile Country Serial Killer % Correct
Unidentified killer of sex workers in 1888 London. Known for surgical mutilation and never caught. Organized Lust Killer United Kingdom Jack the Ripper
90%
Socially awkward man with control issues. Murdered 17 young men and boys. Engaged in necrophilia and cannibalism. Kept body parts as trophies. Disorganized Hedonistic Killer (Sexual) USA Jeffrey Dahmer
83%
Charming, intelligent, manipulative law student who lured young women by pretending to be injured. Killed across multiple states in the 1970s. Escaped custody twice. Organized Lust Killer USA Ted Bundy
79%
Community figure and party clown. Murdered at least 33 young men and boys. Hid most of the bodies in his home’s crawlspace. Organized Power/Control Killer USA John Wayne Gacy
70%
Reclusive farm dweller obsessed with his mother. Dug up graves and used human skin to make furniture. Inspired horror movies. Psychotic Killer / Body Snatcher USA Ed Gein
67%
Killed multiple couples in lover’s lanes. Sent cryptic messages to police. Still unidentified. Organized Mission-Oriented Killer (Unsolved) USA The Zodiac Killer
45%
Chaotic home invader and Satanist. Attacked and killed victims of all ages during the 1980s. Left disturbing crime scenes. Disorganized Mission-Oriented/Sadistic Killer USA Richard Ramirez
40%
Family man and church deacon. Killed 10 people using his “Bind, Torture, Kill” method. Sent taunting letters to media. Organized Power/Control Killer USA Dennis Rader (BTK)
37%
Doctor and prolific killer. Estimated 200+ deaths by lethal injection. Targeted elderly patients. Power-Oriented Angel of Death United Kingdom Harold Shipman
23%
Former sex worker with a traumatic past. Killed 7 men in Florida, claiming self-defense during attempted assaults. Disorganized Mission-Oriented Killer USA Aileen Wuornos
20%
Elderly sadist with cannibalistic urges. Killed children and wrote graphic letters to families. Claimed religious justification. Sadistic Cannibal Killer USA Albert Fish
20%
Highly intelligent and physically imposing man. Targeted young female hitchhikers in California during the early 1970s. Exercised control over victims, committed post-mortem mutilation and necrophilia. Planned attacks carefully and disposed of evidence methodically. Organized Lust Killer (Power/Control subtype) USA Ed Kemper
16%
Known as the “Ruhr Cannibal,” Kroll raped, murdered, and sometimes cannibalized at least 13 people over two decades. His low intelligence made him difficult to profile. Disorganized Lust Killer Germany Joachim Kroll
13%
Soviet man with deep sexual frustration. Murdered over 50 women and children. Known for mutilation and frenzy. Disorganized Lust Killer Soviet Russia (USSR) Andrei Chikatilo
8%
Canadian pig farmer. Killed sex workers and disposed of bodies on his farm. Disorganized Lust/Profit Killer Canada Robert Pickton
7%
Canadian serial killer duo. Filmed torture and killings, including Karla’s sister. Team Lust Killers Canada Paul Bernardo & Karla Homolka
4%
University employee. Killed his mother, then went on a shooting spree in Texas clock tower. Mission-Oriented Spree Killer USA Charles Whitman
3%
“The Werewolf Killer.” Believed to be responsible for dozens of murders. Dismembered victims. Served time in Quebec. Disorganized Cannibal Killer Canada Luka Magnotta
1%
Targeted elderly women. Strangled victims and posed them. Known for high IQ and arrogance. Organized Power/Control Killer USA Rodney Alcala
1%
Strangled gay men in Toronto. Lured victims from bars and used ligatures. Organized Lust Killer Canada Bruce McArthur
0%
No matching quizzes found
Score Distribution
Percent of People with Each Score
Percentile by Number Answered
Your Score History
You have not taken this quiz